<?xml version="1.0" encoding="UTF-8"?>
<marc:record xmlns:marc="http://www.loc.gov/MARC21/slim">
   <marc:leader>00000nam a2200000 a 4500</marc:leader>
   <marc:datafield ind1="1" ind2=" " tag="100">
      <marc:subfield code="a">Weiss, Walter M.</marc:subfield>
      <marc:subfield code="4">aut</marc:subfield>
      <marc:subfield code="e">Verfasser/-in</marc:subfield>
   </marc:datafield>
   <marc:datafield ind1=" " ind2=" " tag="653">
      <marc:subfield code="a">Bester Reiseführer Salzburg</marc:subfield>
   </marc:datafield>
   <marc:datafield ind1=" " ind2=" " tag="653">
      <marc:subfield code="a">Genießen in Salzbrug</marc:subfield>
   </marc:datafield>
   <marc:datafield ind1=" " ind2=" " tag="653">
      <marc:subfield code="a">Großglockner Hochalpenstraße</marc:subfield>
   </marc:datafield>
   <marc:datafield ind1=" " ind2=" " tag="653">
      <marc:subfield code="a">Mozart in Salzburg</marc:subfield>
   </marc:datafield>
   <marc:datafield ind1=" " ind2=" " tag="653">
      <marc:subfield code="a">Reiseführer Salzburg Empfehlung</marc:subfield>
   </marc:datafield>
   <marc:datafield ind1=" " ind2=" " tag="653">
      <marc:subfield code="a">Schönste Stadt Österreichs</marc:subfield>
   </marc:datafield>
   <marc:datafield ind1=" " ind2=" " tag="653">
      <marc:subfield code="a">Sädtetour Salzburg</marc:subfield>
   </marc:datafield>
   <marc:datafield ind1=" " ind2=" " tag="653">
      <marc:subfield code="a">Wo ist Österreich am schönsten</marc:subfield>
   </marc:datafield>
   <marc:datafield ind1=" " ind2=" " tag="653">
      <marc:subfield code="a">Wochenende in Salzburg</marc:subfield>
   </marc:datafield>
   <marc:datafield ind1=" " ind2=" " tag="653">
      <marc:subfield code="a">Wolfgangsee</marc:subfield>
   </marc:datafield>
   <marc:datafield ind1=" " ind2=" " tag="653">
      <marc:subfield code="a">Bad Ischl</marc:subfield>
   </marc:datafield>
   <marc:datafield ind1=" " ind2=" " tag="653">
      <marc:subfield code="a">Softcover / Reisen/Reiseführer/Europa</marc:subfield>
   </marc:datafield>
   <marc:datafield ind1=" " ind2=" " tag="653">
      <marc:subfield code="a">Eisriesenwelt;Flachau;Großglockner;Hallstätter See;Hohensalzburg;Krimmler Wasserfälle;Schmittenhöhe;Traunsee;Wolfgangsee;Zell am See</marc:subfield>
   </marc:datafield>
   <marc:datafield ind1=" " ind2=" " tag="653">
      <marc:subfield code="a">Führer</marc:subfield>
   </marc:datafield>
   <marc:datafield ind1="0" ind2="0" tag="245">
      <marc:subfield code="a">Salzburg</marc:subfield>
   </marc:datafield>
   <marc:datafield ind1="0" ind2="0" tag="245">
      <marc:subfield code="b">Salzburger Land, Salzkammergut</marc:subfield>
   </marc:datafield>
   <marc:datafield ind1="0" ind2="0" tag="245">
      <marc:subfield code="c">Walter M. Weiss</marc:subfield>
   </marc:datafield>
   <marc:datafield ind1=" " ind2="1" tag="264">
      <marc:subfield code="a">Ostfildern</marc:subfield>
      <marc:subfield code="b">DuMont Reiseverlag</marc:subfield>
      <marc:subfield code="c">2021</marc:subfield>
   </marc:datafield>
   <marc:datafield ind1="1" ind2=" " tag="490">
      <marc:subfield code="a">DuMont Reise-Taschenbuch</marc:subfield>
   </marc:datafield>
   <marc:datafield ind1=" " ind2=" " tag="250">
      <marc:subfield code="a">1. Auflage</marc:subfield>
   </marc:datafield>
   <marc:datafield ind1="1" ind2=" " tag="520">
      <marc:subfield code="a">Angaben aus der Verlagsmeldung

DuMont Reise-Taschenbuch Salzburg, Salzburger Land, Salzkammergut : Reiseführer plus Reisekarte. Mit individuellen Autorentipps und vielen Touren. / von Walter M. Weiss

Über das Buch
Salzburg, die Hauptstadt des gleichnamigen Bundeslandes, führt uns vor Augen, welch harmonische Schönheit europäischer Geist im Verbund mit einer großmütigen Natur schaffen kann. Groß ist die Anziehungskraft, die das Umland dieses urbanen Juwels sommers wie winters auf Millionen von Tourist*innen jährlich ausübt. Walter M. Weiss führt seine Leser*innen auf einer »Tour de Baroque« durch das DomQuartier Salzburgs, auf Panoramafahrt über die Großglockner-Hochalpenstraße oder auf eine ganz besondere Spurensuche im Raurisertal, das im 19. Jh. von einem Goldrausch erfasst wurde. Aktivurlauber*innen legt er die schönsten Wanderungen nah, etwa auf den Gaisberg mit seiner umwerfenden Aussicht auf Mozart-Stadt, Flachgau und Tennengebirge oder die Exkursion ins Tal der Geier, wo an die 100 Bartgeier wieder angesiedelt wurden. Wer lieber radelt, ist mit dem Reiseführer ebenfalls gut aufgehoben. Eine der schönsten Routen ist der Tannberg-Radrundweg durch herrlich bukolisches Hügelland. Folgen Sie einfach den Touren und Lieblingsorten von Walter M. Weiss, Letztere beispielsweise auf der unvergleichlichen Dachterrasse des Restaurants M32 auf dem Mönchsberg oder auf dem Schafberg, den Sie per Zahnradbahn erreichen, oder im Rauriser Urwald.

Und so erleben Sie Salzburg und sein Umland mit dem DuMont Reise-Taschenbuch:
Persönlich und echt: Wir legen Wert auf ehrliche Erlebnisse, Nähe und Gegenwart Übersichtliche Gliederung in einzelne Stadtviertel, Regionen mit ihren Orten und Landschaften Lustvolle Eintauchen-und-erleben-Seiten vor jedem Kapitel Die Touren: Einfach losziehen, neue Wege gehen. Aktiv in die Stadt sowie in Natur und Kultur eintauchen Die Lieblingsorte: gut für überraschende Entdeckungen Die Adressen: radikal subjektive Auswahl, mal stylish, mal ökologisch, immer individuell und persönlich Das Magazin: ein abwechslungsreiches Reisefeuilleton. Es packt auch kritische und kontroverse Themen an … Die Karten: 4 Citypläne, 15 Tourenkarten, Übersichtskarte mit den Highlights Salzburgs sowie des Salzburger Landes und des Salzkammerguts, Schnellüberblick zu jeder Region plus eine große Reisekarte Das Plus zum Buch: Aktuelle Reisetipps und News gibt‘s unter www.dumontreise.de/salzburg .
</marc:subfield>
   </marc:datafield>
   <marc:datafield ind1=" " ind2=" " tag="020">
      <marc:subfield code="a">9783616020907</marc:subfield>
      <marc:subfield code="9">9783616020907</marc:subfield>
   </marc:datafield>
   <marc:datafield ind1=" " ind2=" " tag="020">
      <marc:subfield code="a">3616020905</marc:subfield>
      <marc:subfield code="9">3616020905</marc:subfield>
   </marc:datafield>
   <marc:datafield ind1=" " ind2=" " tag="300">
      <marc:subfield code="a">295 Seiten</marc:subfield>
   </marc:datafield>
</marc:record>
